Homo Sapients : [poems.

Bibliographic Details
Main Author: Baker, Benjamin
Format: Book
Language:English
Published: St. Petersburg, Fla., [publisher not identified] ; between 1960 and 1969?]

MARC

Tag First Indicator Second Indicator Subfields
LEADER 00000cam a2200000 4500
001 in00000031471
005 20151007061706.0
008 730914q19601969flu 00000 eng u
035 |a (OCoLC)00689989 
035 |9 AAD2788AM 
040 |c RGC  |d TXA  |d UtOrBLW 
049 |a TXAM  |c [347899] 
090 |a PS3503.A54135  |b H66 1960 
092 |a 811  |b B167h 
100 1 |a Baker, Benjamin. 
245 1 0 |a Homo Sapients :  |b [poems. 
264 1 |a St. Petersburg, Fla.,  |b [publisher not identified] ;  |c between 1960 and 1969?] 
300 |a 62 pages ;  |c 22 cm. 
336 |a text  |b txt  |2 rdacontent 
337 |a unmediated  |b n  |2 rdamedia 
338 |a volume  |b nc  |2 rdacarrier 
999 |a MARS 
999 f f |s e7761f9e-8c26-34dd-b942-0ba518912388  |i c0af6ea2-fd8a-3616-9cbe-8a55ec8e24c9  |t 0 
952 f f |p ric  |a Texas A&M University  |b Rellis Campus  |c Joint Library Facility  |d Remote Storage  |t 0  |e PS3503.A54135 H66 1960  |h Library of Congress classification  |i unmediated -- volume  |m A14801213360 
998 f f |a PS3503.A54135 H66 1960  |t 0  |l Remote Storage